| 000 | 00671nam a2200241 i 4500 | ||
|---|---|---|---|
| 001 | 15444 | ||
| 003 | ES-MaACL | ||
| 005 | 20240510063027.0 | ||
| 007 | t| | ||
| 008 | 000313s1999 sp ||||1| spa d | ||
| 020 | _a848641945X | ||
| 080 | _a821.134.2-14"19" | ||
| 100 | 0 |
_aMoreau, Jean, _d1967- _983211 |
|
| 245 | 1 | 4 |
_aLas nubes / _cJean Moreau. |
| 250 | _a1ª ed. | ||
| 260 |
_aHumanes (Madrid) : _bJuan Pastor, _c1999. |
||
| 300 |
_a62 p. ; _c20 cm. |
||
| 490 | 1 |
_aDevenir. Serie Poesía ; _v125 |
|
| 830 | 0 | 0 |
_aDevenir. _pSerie Poesía ; _v125 _9236243 |
| 852 |
_aES-MaACL _jP-1931 Nº 125 _bR.127607 |
||
| 942 | _2udc | ||
| 999 |
_c15444 _d15444 |
||